Les 10 fromages préférés des français 🧀 - Statistiques

Statistiques générales
  • Ce quiz a été pris 1 398 fois
    191 depuis la dernière actualisation
  • Le résultat moyen est 4 sur 10
Statistiques - réponses
Top Nom du fromage % Correct
1 Camembert
85%
6 Comté
83%
8 Brie
62%
5 Chèvre
60%
4 Raclette
42%
10 Saint Nectaire
33%
9 Maroilles
22%
7 Mont-d'Or
18%
3 Fourme d’Ambert
10%
2 Époisse
9%
Aucun quiz correspondant
Distribution des résultats
% des personnes avec chaque résultat
Percentile par nombre de réponses
Votre historique - résultats
Vous n’avez pas pris ce quiz depuis la dernière actualisation